000 00625nam a2200229 a 4500
999 _c12499
_d12499
001 12499
003 BD-JhCC
005 20220314093006.0
008 220314b2019 bg a|||| ||a| 000 0 ben d
020 _a9789849071587
035 _a(BD-JhCC)12499
040 _aBD-JhCC
_dBD-JhCC
041 _aBengali
082 _a350.6
_bKHA 2019
100 _a খান,আরিফ
245 _aআচরণবিধি /
_cআরিফ খান।
260 _aঢাকা :
_bবিএলবি;
_c২০১৯.
300 _a320 p. :
_bill;
_c22 cm.
650 _aCivil Service ethics
942 _2ddc
_cBK